00847nam a22002417a 4500003000900000008004100009040007100050082002500121110006600146245010300212260004100315300004500356440001500401650002700416650002200443650001700465650002000482650002200502700001600524700001700540700002300557700002500580AR-CdUCM190226b ||||| |||| 00| 0 spa d aMUNICIPALIDAD PROVINCIAL DEL CUSCOcBIBLIOTECA MUNICIPAL DEL CUSCO 22 ed.a376.36 /bC43 aDESCO, Centro de Estudios y Promoción del Desarrollo (Lima) a¿Cuesta arriba o cuesta abajo? :bun análisis crítico de los textos de lectura de primaria /  aLima : bPerugraph Editores, c1976. a159 páginas ;bilustración ;c18 cm. aPraxis n2 aRevolución cultural  aReforma educativa aEducación  aContexto social aRealidad Nacional aBoggio, Ana aLora, Carmen aRiofrío, Gustavo aRoncagliiolo, Rafael